Перевод романа Джеймса Джойса "Улисс" творческим объединением переводчиков под руководством И. А. Кашкина; Коммуникативные аспекты языка и культуры; Ч. 1
| Parent link: | Коммуникативные аспекты языка и культуры: сборник материалов XII Международной научно-практической конференции студентов и молодых ученых, г. Томск, 16-18 мая 2012 г./ Национальный исследовательский Томский политехнический университет (ТПУ), Институт международного образования и языковой коммуникации (ИМОЯК) ; под ред. С. А. Песоцкой.— , 2012 Ч. 1.— 2012.— [С. 158-164] |
|---|---|
| Autor Principal: | |
| Autor Corporativo: | |
| Outros autores: | |
| Summary: | Заглавие с титульного листа. Электронная версия печатной публикации. |
| Idioma: | ruso |
| Publicado: |
2012
|
| Series: | Теория и практика перевода |
| Subjects: | |
| Acceso en liña: | http://www.lib.tpu.ru/fulltext/c/2012/C77/V1/035.pdf |
| Formato: | Electrónico Capítulo de libro |
| KOHA link: | https://koha.lib.tpu.ru/cgi-bin/koha/opac-detail.pl?biblionumber=608267 |
MARC
| LEADER | 00000naa2a2200000 4500 | ||
|---|---|---|---|
| 001 | 608267 | ||
| 005 | 20260319095103.0 | ||
| 035 | |a (RuTPU)RU\TPU\conf\5697 | ||
| 035 | |a RU\TPU\conf\5692 | ||
| 090 | |a 608267 | ||
| 100 | |a 20140924d2012 k y0rusy50 ca | ||
| 101 | 0 | |a rus | |
| 102 | |a RU | ||
| 135 | |a drcn ---uucaa | ||
| 181 | 0 | |a i | |
| 182 | 0 | |a b | |
| 200 | 1 | |a Перевод романа Джеймса Джойса "Улисс" творческим объединением переводчиков под руководством И. А. Кашкина |f С. Н. Степура |g Национальный исследовательский Томский политехнический университет (ТПУ), Институт кибернетики (ИК), Кафедра иностранных языков института кибернетики (ИЯИК) ; науч. рук. Е. Г. Новикова | |
| 203 | |a Текст |c электронный | ||
| 215 | |a 1 файл (153 Кб) | ||
| 225 | 1 | |a Теория и практика перевода | |
| 300 | |a Заглавие с титульного листа. | ||
| 300 | |a Электронная версия печатной публикации. | ||
| 320 | |a [Библиогр.: с. 164 (6 назв.)] | ||
| 337 | |a Adobe Reader | ||
| 461 | 1 | |0 (RuTPU)RU\TPU\conf\4597 |t Коммуникативные аспекты языка и культуры |o сборник материалов XII Международной научно-практической конференции студентов и молодых ученых, г. Томск, 16-18 мая 2012 г. |o в 3 ч. |f Национальный исследовательский Томский политехнический университет (ТПУ), Институт международного образования и языковой коммуникации (ИМОЯК) ; под ред. С. А. Песоцкой |d 2012 | |
| 463 | 0 | |0 (RuTPU)RU\TPU\conf\4599 |t Ч. 1 |v [С. 158-164] |d 2012 | |
| 600 | 1 | |a Джойс |b Дж. |c ирландский писатель |f 1882-1941 |g Джеймс |2 stltpush |3 (RuTPU)RU\TPU\pers\7921 |9 1533 | |
| 610 | 1 | |a электронный ресурс | |
| 610 | 1 | |a труды учёных ТПУ | |
| 610 | 1 | |a переводы | |
| 610 | 1 | |a романы | |
| 610 | 1 | |a переводчики | |
| 610 | 1 | |a творческие объединения | |
| 610 | 1 | |a художественные произведения | |
| 610 | 1 | |a Улисс | |
| 700 | 1 | |a Степура |b С. Н. |c лингвист |c доцент Томского политехнического университета, кандидат филологических наук |f 1970- |g Светлана Николаевна |3 (RuTPU)RU\TPU\pers\30762 |9 15032 | |
| 702 | 1 | |a Новикова |b Е. Г. |4 727 | |
| 712 | 0 | 2 | |a Национальный исследовательский Томский политехнический университет (ТПУ) |b Институт кибернетики (ИК) |b Кафедра иностранных языков института кибернетики (ИЯИК) |3 (RuTPU)RU\TPU\col\18707 |
| 801 | 1 | |a RU |b 63413507 |c 20140902 | |
| 801 | 2 | |a RU |b 63413507 |c 20160122 |g RCR | |
| 856 | 4 | |u http://www.lib.tpu.ru/fulltext/c/2012/C77/V1/035.pdf | |
| 942 | |c BK | ||